All Lego Colors 1-50 (by official name) - Statistics

General Stats
  • This quiz has been taken 27 times
  • The average score is 9 of 50
Answer Stats
Number Name Years % Correct
26 Black 1960 - Today
87%
1 White 1958 - Today
83%
2 Gray 1958 - 2003
65%
7 Orange Unreleased
61%
16 Pink 1993
57%
27 Dark Gray 1978 - 2003
48%
28 Dark Green 1958 - Today
39%
45 Light Blue 1995 - 2003
39%
6 Light Green 1992 - 2003
39%
10 Clear Unknown
30%
19 Light Brown 1979 - 1989
30%
40 Transparent 1958 - Today
26%
38 Dark Orange 1996 - Today
22%
37 Bright Green 1994 - Today
17%
13 Red Orange 1979 - 1989
17%
17 Rose 1991 - 1994
17%
21 Bright Red 1958 - Today
13%
24 Bright Yellow 1958 - Today
13%
3 Light Yellow 1994 - 2003
13%
43 Transparent Blue 1978 - Today
13%
41 Transparent Red 1969 - Today
13%
44 Transparent Yellow 1969 - Today
13%
8 Cobalt Blue Unreleased
9%
25 Earth Orange 1978 - 2003
9%
29 Medium Green 1994 - 2003
9%
18 Nougat 1979 - Today
9%
11 Pastel Blue 1974 - 2011
9%
14 Pastel Green 1982 - 1989
9%
48 Transparent Green 1969 - Today
9%
30 1.Multicombination unknown
4%
31 2.Multicombination unknown
4%
32 3.Multicombination unknown
4%
33 4.Multicombination unknown
4%
4 Brick Red 1979 - 1989
4%
5 Brick Yellow 1981 - 1989 / 1996 - Today
4%
23 Bright Blue 1958 - Today
4%
34 I-M-L unknown
4%
35 I-M-L unknown
4%
15 Lemon 1993
4%
39 Light Bluish Violet 1994 - 2003
4%
12 Light Orange Brown 1979 - 2003
4%
9 Light Reddish Violet 1995 - 2003
4%
36 Light Yellowish Orange 1999 - 2003
4%
22 Medium Reddish Violet 1994 - 2003
4%
20 Nature 1958 - Today
4%
50 Phosphorescent White 1990 - 2004
4%
49 Transparent Fluorescent Green 1990 - Today
4%
47 Transparent Fluorescent Reddish Orange 1993 - 2021
4%
42 Transparent Light Blue 1985 - Today
4%
46 {unknown} unknown
4%
No matching quizzes found
Score Distribution
Percent of People with Each Score
Percentile by Number Answered
Your Score History
You have not taken this quiz